000 01096nam a2200253Ia 4500
001 270.04-GUI je el (18285)
003 IT-MiSPE
008 171229s9999||||xx |||||||||||||| ||und||
040 _aIT-MiSPE
_cIT-MiSPE
041 _aITALIANO
100 _aJean-Baptiste Guiraud
245 0 _aElogio della Inquisizione
_bInvito alla lettura di Vittorio Messori
250 _a1a ed. (v)
260 _aMilano
_bLeonardo
_c1994
300 _a191 p.
_c22 cm
500 _aInquisizione
501 _aEdizioni San Paolo srl - Piazza Soncino, 5 - 20092 CINISELLO BALSAMO (MI) (non commercial uses only) ® Copyright 2018
520 _aVittorio Messori (intr.)
700 _aRino Camilleri
700 _aVittorio Messori
942 _cBK
957 _71
999 _a4684
_bNO
_g Copie: 1
_c345922
_d345922